banner-ar

البخلاء / (Record no. 4855)

MARC details
000 -الفاتح
حقل البيانات ثابتة الطول 00826nam a2200217Ia 4500
008 - عناصر البيانات ثابتة الطول - معلومات عامة
حقل البيانات ثابتة الطول 140319s9999 xx 000 0 ara d
040 ## - مصدر الفهرسة
وكالة الفهرسة الأصلية GCL /
وكالة النسخ GCL
082 04 - رقم تصنيف ديوى العشرى
رقم التصنيف 819
رقم المادة ج ب
100 1# - المدخل الرئيسى - إسم شخصى
الإسم الشخصى الجاحظ : ابوعثمان عمرو بن بحر محبوب
245 10 - بيان العنوان
العنوان البخلاء /
بيان المسئوليه,etc الجاحظ : ابوعثمان عمرو بن بحر محبوب
700 1# - المدخل الاضافى - اسم شخصى
الإسم الشخصى عباس عبدالساتر
250 ## - بيان الطبعة
بيان الطبعة الرابعة
260 ## - PUBLICATION, DISTRIBUTION, ETC. (IMPRINT)
تاريخ النشر أو التوزيع 1993
300 ## - الوصف المادى
التعداد 312 ص ؛
أبعاد الوعاء 24 سم
650 04 - المدخل الاضافى بالموضوع-مصطلح موضوعى
مصطلح موضوعي الادب العربى
650 04 - المدخل الاضافى بالموضوع-مصطلح موضوعى
مصطلح موضوعي النثر العربى
650 04 - المدخل الاضافى بالموضوع-مصطلح موضوعى
مصطلح موضوعي الادب العربى - تاريخ ونقد - العصر العباسى
650 04 - المدخل الاضافى بالموضوع-مصطلح موضوعى
مصطلح موضوعي الجاحظ ،ابى عثمان عمرو بن بحر بن محبوب
942 ## - عناصر المدخل الإضافي( كوها)
مصدر التصنيف او مخطط الترفيف Dewey Decimal Classification
Koha [default] item type كتاب
260 ## - PUBLICATION, DISTRIBUTION, ETC. (IMPRINT)
-- القاهرة :
-- دار و مكتبة الهلال ،
Holdings
حالة التراجع حالة الفقد حالة تلف ليس للاعارة المكان المؤقت الموقع الحالى تاريخ الاكتساب اجمالي اﻻعارات رقم الطلب الباركود تاريخ اخر مشاهدة تاريخ تفعيل السعر نوع وعاء كوها
        مكتبة القاهرة الكبرى مكتبة القاهرة الكبرى 03/26/2014   819\ ج ب 10848 03/26/2014 03/26/2014 كتاب

Powered By

EGPV